| 000 | 00425nam a2200145Ia 4500 | ||
|---|---|---|---|
| 003 | OSt | ||
| 005 | 20260130150358.0 | ||
| 008 | 211028s2018 xx 000 0 und d | ||
| 040 | _cAIMIT LIBRARY | ||
| 041 | _aeng | ||
| 100 |
_aSurathkal, Sushanth S; Harinakshi. _g1616204 _97956 |
||
| 245 | _aDiagnostic survey on employee relation at everest seafood pvt ltd / | ||
| 260 |
_aMangalore _bHarinakshi. _c2018 |
||
| 942 |
_2ddc _cPRO |
||
| 999 |
_c219524 _d219524 |
||